Combinatorics and renormalization in quantum field theory /
Guardado en:
| Autor Principal: | |
|---|---|
| Formato: | Libro |
| Idioma: | English |
| Publicado: |
Reading, Mass. :
W. A. Benjamin,
1973.
|
| Series: | Frontiers in physics
|
| Materias: | |
| Etiquetas: |
Agregar Etiqueta
Sin Etiquetas, Sea el primero en etiquetar este registro!
|
| LEADER | 00983pam a2200265 a 4500 | ||
|---|---|---|---|
| 001 | MAT.inmabb002782 | ||
| 008 | 730316s1973####mau######b####001#0#eng## | ||
| 005 | 20110908151054.0 | ||
| 245 | 1 | 0 | |a Combinatorics and renormalization in quantum field theory / |c E. R. Caianiello. |
| 260 | |a Reading, Mass. : |b W. A. Benjamin, |c 1973. | ||
| 300 | |a xv, 121 p. ; |c 24 cm. | ||
| 440 | 0 | |a Frontiers in physics | |
| 504 | |a Bibliografía: p. [117]-119. | ||
| 505 | 0 | |a Part I. Combinatoric methods -- Part II. Equations for propagators and perturbative expansions -- Part III. Regularization, renormalization, and mass equations. | |
| 510 | 4 | |a MR, |c 57 #4892 | |
| 020 | |a 0805316450 (pbk.) | ||
| 020 | |a 0805316469 | ||
| 100 | 1 | |a Caianiello, Eduardo R., |d 1921- | |
| 650 | 0 | |a Quantum field theory. | |
| 650 | 0 | |a Combinatorial analysis. | |
| 650 | 0 | |a Renormalization (Physics) | |
| 084 | |a 81Txx |2 msc2000 | ||
| 010 | |a 73004610 | ||
| 040 | |a DLC |c DLC |d DLC | ||
| 859 | |h 81 |i C133 |p A-5236 |b BIB. MATEMATICA | ||
